<?xml version="1.0" encoding="UTF-8"?><?xml-stylesheet type="text/xsl" href="static/style.xsl"?><OAI-PMH xmlns="http://www.openarchives.org/OAI/2.0/" xmlns:xsi="http://www.w3.org/2001/XMLSchema-instance" xsi:schemaLocation="http://www.openarchives.org/OAI/2.0/ http://www.openarchives.org/OAI/2.0/OAI-PMH.xsd"><responseDate>2026-04-13T02:47:04Z</responseDate><request verb="GetRecord" identifier="oai:www.recercat.cat:2445/162665" metadataPrefix="marc">https://recercat.cat/oai/request</request><GetRecord><record><header><identifier>oai:recercat.cat:2445/162665</identifier><datestamp>2025-11-19T10:54:20Z</datestamp><setSpec>com_2072_1057</setSpec><setSpec>col_2072_478917</setSpec><setSpec>col_2072_478923</setSpec></header><metadata><record xmlns="http://www.loc.gov/MARC21/slim" xmlns:dcterms="http://purl.org/dc/terms/" xmlns:xsi="http://www.w3.org/2001/XMLSchema-instance" xmlns:doc="http://www.lyncode.com/xoai" xsi:schemaLocation="http://www.loc.gov/MARC21/slim http://www.loc.gov/standards/marcxml/schema/MARC21slim.xsd">
   <leader>00925njm 22002777a 4500</leader>
   <datafield ind2=" " ind1=" " tag="042">
      <subfield code="a">dc</subfield>
   </datafield>
   <datafield ind2=" " ind1=" " tag="720">
      <subfield code="a">Yao, S.</subfield>
      <subfield code="e">author</subfield>
   </datafield>
   <datafield ind2=" " ind1=" " tag="720">
      <subfield code="a">Gómez Rivas, Enrique</subfield>
      <subfield code="e">author</subfield>
   </datafield>
   <datafield ind2=" " ind1=" " tag="720">
      <subfield code="a">Martín, Juan Diego (Martín Martín)</subfield>
      <subfield code="e">author</subfield>
   </datafield>
   <datafield ind2=" " ind1=" " tag="720">
      <subfield code="a">Gómez-Gras, David</subfield>
      <subfield code="e">author</subfield>
   </datafield>
   <datafield ind2=" " ind1=" " tag="720">
      <subfield code="a">Travé i Herrero, Anna</subfield>
      <subfield code="e">author</subfield>
   </datafield>
   <datafield ind2=" " ind1=" " tag="720">
      <subfield code="a">Griera i Artigas, Albert</subfield>
      <subfield code="e">author</subfield>
   </datafield>
   <datafield ind2=" " ind1=" " tag="720">
      <subfield code="a">Howell, J.</subfield>
      <subfield code="e">author</subfield>
   </datafield>
   <datafield ind2=" " ind1=" " tag="260">
      <subfield code="c">2020-05-27T16:47:32Z</subfield>
   </datafield>
   <datafield ind2=" " ind1=" " tag="260">
      <subfield code="c">2021-12-31T06:10:18Z</subfield>
   </datafield>
   <datafield ind2=" " ind1=" " tag="260">
      <subfield code="c">2020</subfield>
   </datafield>
   <datafield ind2=" " ind1=" " tag="260">
      <subfield code="c">2020-05-27T16:47:33Z</subfield>
   </datafield>
   <datafield ind2=" " ind1=" " tag="520">
      <subfield code="a">This study investigates the geometries of fault-controlled dolostone geobodies and their structural and sequence stratigraphic controls, which provide new insights for the prediction and production of fault-controlled dolomitized hydrocarbon reservoirs. A very thick succession (>1600 m) of Aptian-Albian shallow-marine carbonates of the Benassal Formation that crop out in the Benicàssim area (Maestrat Basin, eastern Spain) is partly replaced by dolomite, resulting in dolostone geometries ranging from massive patches to stratabound bodies. Detailed mapping, systematic logging and correlation were carried out to characterize the structural, sedimentary and sequence stratigraphic framework in the area and to constrain the principal controls on the full-range of dolostone geometries. The results show that carbonate sediments accumulated in a half graben stacked in three transgressive-regressive (T-R) sequences. Large-scale massive dolostone patches (with up to kilometre extension) form near largescale faults indicating that they acted as entry points for warm dolomitizing fluids into the basin. These dolostone patches laterally pass to large stratabound bodies that extend for long distances (at least 7 km) away from feeding faults, forming a continuum. The presence of a regional unconformity and a clastic fine-grain low-permeability unit (Escucha Formation) on top of the Benassal Formation likely constrained the dolomitization fluids to an up to 580 m thick interval below the base of the Escucha Formation. Thus, only limestones within this interval, corresponding to the two uppermost T-R sequences, were dolomitized. There is a clear relationship between the stratigraphic framework and the preferred replaced beds. Dolomitization preferentially affected sediments deposited in inner to middle ramp settings with predominant wackestone to packstone textures. Such facies are laterally most abundant in the east of the study area (i.e. basinwards) and vertically in layers around the maximum flooding zone of the top sequence, which is preferentially affected by dolomitization.</subfield>
   </datafield>
   <datafield tag="653" ind2=" " ind1=" ">
      <subfield code="a">Estratigrafia seqüencial</subfield>
   </datafield>
   <datafield tag="653" ind2=" " ind1=" ">
      <subfield code="a">Geologia estructural</subfield>
   </datafield>
   <datafield tag="653" ind2=" " ind1=" ">
      <subfield code="a">Dolomia</subfield>
   </datafield>
   <datafield tag="653" ind2=" " ind1=" ">
      <subfield code="a">Roques calcàries</subfield>
   </datafield>
   <datafield tag="653" ind2=" " ind1=" ">
      <subfield code="a">Sequence stratigraphy</subfield>
   </datafield>
   <datafield tag="653" ind2=" " ind1=" ">
      <subfield code="a">Structural geology</subfield>
   </datafield>
   <datafield tag="653" ind2=" " ind1=" ">
      <subfield code="a">Dolomite</subfield>
   </datafield>
   <datafield tag="653" ind2=" " ind1=" ">
      <subfield code="a">Carbonate rocks</subfield>
   </datafield>
   <datafield ind2="0" ind1="0" tag="245">
      <subfield code="a">Fault-controlled dolostone geometries in a transgressive-regressive sequence stratigraphic framework</subfield>
   </datafield>
</record></metadata></record></GetRecord></OAI-PMH>